| 000 | 00772nam a2200241Ia 4500 | ||
|---|---|---|---|
| 003 | OSt | ||
| 005 | 20221005103841.0 | ||
| 006 | a|||||r|||| 00| 0 | ||
| 007 | ta | ||
| 008 | 221004b |||||||| |||| 00| 0 hin d | ||
| 024 | _a101635 | ||
| 037 | _cTextual | ||
| 040 |
_aCRL _cCRL _bhin |
||
| 041 |
_2hin _ahin |
||
| 082 | _aP15:3, N2 | ||
| 100 | _aयज्ञ वीर | ||
| 245 | 0 | _a्रसंस्कृत व्याकरण की रूपरेखा | |
| 246 | _aRasanskṛut vyākaraṇ kī rūparekhā | ||
| 260 |
_aदिल्ली _bईस्टर्न बुक लिंकर्स भारत _c1992 |
||
| 300 |
_a102पृ0 _ccm. |
||
| 942 |
_hP15:3, N2 _cTEXL _2cc |
||
| 999 |
_c1011086 _d1011086 |
||